|
|
|
|
| LEADER |
00000cas a2200000 a 4500 |
| 001 |
vtls001357207 |
| 003 |
SK-MaSNL |
| 005 |
20260228155722.0 |
| 008 |
160415d19939999xo ar 0 0 0slo |
| 015 |
|
|
|a SNBF1999/03-01614 (r. 1997)
|
| 020 |
|
|
|a 8096698524 (brož. : 1997)
|
| 035 |
|
|
|a SNK000310700
|
| 040 |
|
|
|a SNK
|b slo
|c SNK
|e AACR2
|
| 041 |
0 |
|
|a slo
|
| 044 |
|
|
|a xo
|c SK
|
| 072 |
|
7 |
|a 658
|x Riadenie a správa podniku
|2 konspekt
|
| 080 |
|
|
|a (437.612)
|2 2011
|
| 080 |
|
|
|a (058)
|2 2011
|
| 080 |
|
|
|a 050
|2 2011
|
| 080 |
|
|
|a 658.114
|2 2011
|
| 080 |
|
|
|a (051)+(054)(437.6)
|2 2011
|
| 245 |
0 |
0 |
|a Trnavský Datex
|b ročenka podnikateľov Trnavského kraja
|
| 260 |
|
|
|a Trnava
|b Atlanta
|c 1993-
|
| 300 |
|
|
|a zv.
|c 30 cm
|
| 310 |
|
|
|a 1x ročne
|
| 362 |
0 |
|
|a 1993/1994-
|
| 650 |
0 |
7 |
|a podnikanie
|2 SNKPH
|9 1757
|
| 651 |
|
7 |
|a Trnava (Slovensko)
|2 SNKPHgeo
|9 19407
|
| 655 |
|
7 |
|a ročenky
|2 SNKPH
|9 57146
|
| 655 |
|
7 |
|a regionálne periodiká
|2 SNKPH
|9 131775
|
| 910 |
|
|
|a snk
|
| 919 |
|
|
|a 80-966985-2-4
|
| 958 |
|
|
|a FAD
|
| 958 |
|
|
|a TL
|
| 999 |
|
|
|c 310
|d 310
|
| 952 |
|
|
|0 0
|1 0
|4 0
|7 0
|a SNK
|b SNK
|d 1999-03-11
|i snkKSP 2682/99
|l 0
|o snkČSB 4822/1997 D1
|p 17A0183858
|r 2005-01-02 00:00:00
|w 2026-02-21
|y PREZ
|
| 952 |
|
|
|0 0
|1 0
|4 0
|7 0
|a SNK
|b SNK
|d 1999-03-11
|i snk403/990325
|l 0
|o snkB 110
|r 2005-01-02 00:00:00
|w 2026-02-21
|y NEVYP
|
| 952 |
|
|
|0 0
|1 0
|4 0
|7 0
|a SNK
|b SNK
|d 1999-03-11
|i snkKSP 2681/99
|l 0
|o snkČSB 4822/1997
|p 17A0245593
|r 2005-01-02 00:00:00
|w 2026-02-21
|y PREZ
|